000 00751nam a2200229Ii 4500
003 JO-AjNU
008 230605s9999||||xx |||||||||||||| ||und||
017 _a2007/10/3228
020 _a978-9957-11-739-9
040 _aJO-AjNU
_bara
_erda
_cJO-AjNU
041 _aara
050 1 4 _aHV 40 .G43 2009
100 3 _aالغرايبة، فيصل محمود,
_eauthor
_931398
245 0 0 _aمهارات العمل الاجتماعي
250 _aط1
264 3 1 _aعمان: دار وائل للنشر والتوزيع، 2009
300 _a211ص
336 _atext
_btxt
_2rdacontent
337 _aunmediated
_bn
_2rdamedia
338 _avolume
_bnc
_2rdacarrier
650 4 _aالعمل الاجتماعي - الخدمات الاجتماعية
_931399
999 _aA12555
_c16123
_d16123